书目信息 |
| 题名: |
向时代报告
|
|
| 作者: | 章剑华 , 金伟忻 , 张茂龙 著 | |
| 分册: | ||
| 出版信息: | 南京 江苏人民出版社 2021.06 |
|
| 页数: | 614页, [40] 页图版 | |
| 开本: | 24cm | |
| 丛书名: | ||
| 单 册: | ||
| 中图分类: | I253.7 | |
| 科图分类: | ||
| 主题词: | 报告文学--bao gao wen xue--中国--当代 , 小康建设--xiao kang jian she--江苏 | |
| 电子资源: | ||
| ISBN: | 978-7-214-26106-9 | |
| 000 | 01040nam0 2200289 450 | |
| 001 | 0100028674 | |
| 005 | 20211025120205.0 | |
| 010 | @a978-7-214-26106-9@dCNY98.00 | |
| 100 | @a20210805d2021 em y0chiy50 ea | |
| 101 | 0 | @achi |
| 102 | @aCN@b320000 | |
| 105 | @aaf z 000zy | |
| 106 | @ar | |
| 200 | 1 | @a向时代报告@Axiang shi dai bao gao@e中国全面小康江苏样本@f章剑华, 金伟忻, 张茂龙等著 |
| 210 | @a南京@c江苏人民出版社@d2021.06 | |
| 215 | @a614页, [40] 页图版@c彩图@d24cm | |
| 300 | @a大型报告文学 | |
| 330 | @a本书主要内容包括: 印证构想、异军突起、奋楫潮头、独辟蹊径、长风破浪、大江南北、高速时代、青山绿水、时代华章等。 | |
| 517 | 1 | @a中国全面小康江苏样本@Azhong guo quan mian xiao kang jiang su yang ben |
| 606 | 0 | @a报告文学@Abao gao wen xue@y中国@z当代 |
| 606 | 0 | @a小康建设@Axiao kang jian she@y江苏 |
| 690 | @aI253.7@v5 | |
| 701 | 0 | @a章剑华@Azhang jian hua@4著 |
| 701 | 0 | @a金伟忻@Ajin wei xin@4著 |
| 701 | 0 | @a张茂龙@Azhang mao long@4著 |
| 801 | 0 | @aCN@c20210909 |
| 905 | @a河南城建学院图书馆@dI253.7@eZ263 | |
| 向时代报告:中国全面小康江苏样本/章剑华, 金伟忻, 张茂龙等著.-南京:江苏人民出版社,2021.06 |
| 614页, [40] 页图版:彩图;24cm |
| 大型报告文学 |
| ISBN 978-7-214-26106-9:CNY98.00 |
| 本书主要内容包括: 印证构想、异军突起、奋楫潮头、独辟蹊径、长风破浪、大江南北、高速时代、青山绿水、时代华章等。 |
| ● |
| 相关链接 |
|
|
|
正题名:向时代报告
索取号:I253.7/Z263
 
预约/预借
| 序号 | 登录号 | 条形码 | 馆藏地/架位号 | 状态 | 备注 |
| 1 | 1546886 | 215468866 | 文学库108/108文学库 68排10列5层/ [索取号:I253.7/Z263] | 在馆 |